Family and Friends : 1

Gespeichert in:
Bibliographische Detailangaben
1. Verfasser: Simmons, Naomi
Format: Buch
Sprache:Englisch
Erschienen: Oxford : Oxford University Press, 2009
Katalog:MANES:  Suchergebnis im Bibliothekskatalog
Schulbuchspezifische Eigenschaften:
Tags: Tag hinzufügen
Keine Tags, Fügen Sie den ersten Tag hinzu!
Hinzugefügt zu:29.11.1999
Geändert in:07.05.2025

MARC

LEADER 00000cam a2200000#i 4500
005 20250507134612.0
008 000000s2009 gbra 000 0 eng d
020 |a 9780194803137 (Class Book)  |a 9780194812481 (Class Book Pack)  |a 9780194803199 (Workbook) 
040 |a uned  |b spa  |c entro-manes 
100 1 |a Simmons, Naomi  |9 41226 
245 1 0 |a Family and Friends :   |b 1 /   |c Naomi Simmons 
260 |a Oxford :   |b Oxford University Press,   |c 2009 
300 |a 2 v. 
505 0 |a Contiene:   |g V. 1.   |t Class book -   |g V. 2.   |t Workbook 
546 |a España 
561 |5 es-BUNED  |3 L.T.M. 2722  |a España. Fondo Manes UNED  |k MANES 
690 0 |a LE 
691 0 |a PRI 
942 |2 ddc  |c BK 
999 |c 98310  |d 98310 
999 |c manes:98310  |d 98310